Velázquez

Gorde:
Xehetasun bibliografikoak
Egile nagusia: Herzer, Alfred E (Egilea)
Formatua: Liburua
Hizkuntza:gaztelania
Argitaratua: Madrid Revista de Occidente 1963
Edizioa:5a. ed
Gaiak:
Etiketak: Etiketa erantsi
Etiketarik gabe, Izan zaitez lehena erregistro honi etiketa jartzen!

MARC

LEADER 00000nam a2200000 a 4500
001 UCO1879
003 CL-VaPUC
008 000525e19630000SP |||||||||||||||||spa|d
082 0 4 |a 759.04  |b HER  |2 21 
100 0 |a Herzer, Alfred E  |e author  |9 444453 
245 1 0 |a Velázquez 
250 |a 5a. ed 
300 |a 100 p 
942 |c BK 
945 |d 20000525 00:00:00  |a rbrito 
260 |a Madrid  |b Revista de Occidente  |c 1963 
600 0 7 |a VELAZQUEZ, DIEGO DE  |2 CL-VaPUC  |9 269210 
650 0 |a Pintura española   |9 315217 
650 0 |a Pintores españoles  |9 315216 
583 |a last modification  |c 20000525 00:00:00  |k Rodrigo Vera 
999 |c 288469  |d 288467 
952 |0 0  |1 0  |4 0  |6 759_040000000000000_HER_1963  |7 0  |8 A  |9 336151  |a BIBARQ  |b BIBARQ  |d 2019-11-20  |i 3621537  |l 1  |o 759.04 HER 1963  |p 3621537  |r 2025-01-20  |s 2023-04-03  |w 2019-11-20  |y BK  |k ARQ